Cooperativas de mercadeo /
שמור ב:
| מחבר ראשי: | |
|---|---|
| מחברים אחרים: | , , |
| פורמט: | Texto |
| יצא לאור: |
México :
Centro Regional de Ayuda Técnica
|
| מהדורה: | 2 |
| תגים: |
הוספת תג
אין תגיות, היה/י הראשונ/ה לתייג את הרשומה!
|
MARC
| LEADER | 00000 a a2200000 04500 | ||
|---|---|---|---|
| 001 | 17193 | ||
| 003 | |||
| 040 | |||
| 090 | |a 1001 C397c | ||
| 100 | |a Arteaga, Renán | ||
| 245 | |a Cooperativas de mercadeo / |c Renán Arteaga | ||
| 250 | |a 2 | ||
| 260 | |a México : |b Centro Regional de Ayuda Técnica | ||
| 300 | |a 14 p. | ||
| 700 | |a Guarderas, José | ||
| 700 | |a León, Ramiro | ||
| 700 | |a Riofrío, Gustavo | ||
| 999 | |c 13096 |d 13096 | ||
